Normal view
MARC view
- Asrar-e-Khudi
Entry Topical Term
001 - CONTROL NUMBER
- control field: 119703
003 - CONTROL NUMBER IDENTIFIER
- control field: NUST
005 - DATE AND TIME OF LATEST TRANSACTION
- control field: 20231213131505.0
008 - FIXED-LENGTH DATA ELEMENTS
- fixed length control field: 231213|| aca||aabn | a|a d
040 ## - CATALOGING SOURCE
- Original cataloging agency: NUST
- Transcribing agency: NUST
150 ## - HEADING--TOPICAL TERM
- Topical term or geographic name entry element: Asrar-e-Khudi
670 ## - SOURCE DATA FOUND
- Source citation: Work cat.: (NUST): Ijaz, Muhammad Asghar 119702, Asrar-e-Khudi :
